Reporteando conflictos : (Record no. 122438)

MARC details
000 -CABECERA
campo de control de longitud fija 00887nam a2200241 a 4500
005 - FECHA Y HORA DE LA ÚLTIMA TRANSACCIÓN
campo de control 20210223130208.0
008 - ELEMENTOS DE LONGITUD FIJA--INFORMACIÓN GENERAL
campo de control de longitud fija 070511s2006 mx r 000 0 spa d
020 ## - NÚMERO INTERNACIONAL NORMALIZADO PARA LIBROS
Número Internacional Estándar del Libro 9709835092
035 ## - NÚMERO DE CONTROL DEL SISTEMA
Número de control de sistema UPN01000150297
049 ## - COLECCIÓN
Colección CG
050 #4 - SIGNATURA TOPOGRÁFICA DE LA BIBLIOTECA DEL CONGRESO
Número de clasificación PN4784 W3.7
Número de documento/Ítem G3.7
100 1# - ASIENTO PRINCIPAL--NOMBRE PERSONAL
Nombre de persona Galtung, Johan
245 10 - MENCIÓN DE TÍTULO
Título Reporteando conflictos :
Resto del título una introducción al periodismo de paz /
Mención de responsabilidad, etc. Johan Galtung, Jake Lynch, Annabel Mc. Goldrick ; tr. y ed. Fernando Montiel T.
260 ## - PUBLICACIÓN, DISTRIBUCIÓN, ETC.
Lugar de publicación, distribución, etc. México :
Nombre del editor, distribuidor, etc. Ariete, Montiel & Soriano :
-- Transcend,
Fecha de publicación, distribución, etc. 2006.
300 ## - DESCRIPCIÓN FÍSICA
Extensión 271 p. :
Otras características físicas cuadros
650 #4 - ASIENTO SECUNDARIO DE MATERIA - TERMINO TEMATICO
Término de materia o nombre geográfico como elemento de entrada GUERRA -
Subdivisión general COBERTURA DE PRENSA
9 (RLIN) 6952
650 #4 - ASIENTO SECUNDARIO DE MATERIA - TERMINO TEMATICO
Término de materia o nombre geográfico como elemento de entrada VIOLENCIA -
Subdivisión general COBERTURA DE PRENSA
9 (RLIN) 6951
650 #4 - ASIENTO SECUNDARIO DE MATERIA - TERMINO TEMATICO
Término de materia o nombre geográfico como elemento de entrada CONFLICTO SOCIAL -
Subdivisión general COBERTURA DE PRENSA
9 (RLIN) 6950
650 #4 - ASIENTO SECUNDARIO DE MATERIA - TERMINO TEMATICO
Término de materia o nombre geográfico como elemento de entrada MEDIOS MASIVOS DE COMUNICACION Y PAZ
9 (RLIN) 6978
700 1# - ASIENTO SECUNDARIO--NOMBRE DE PERSONAL
Nombre de persona Lynch, Jake,
Término indicativo de función/relación coaut.
700 1# - ASIENTO SECUNDARIO--NOMBRE DE PERSONAL
Nombre de persona Mc. Goldrick, Annabel,
Término indicativo de función/relación coaut.
905 ## - TIPO DE MATERIAL
Tipo de material Libro
Holdings
Estado de retiro Estado de pérdida Fuente del sistema de clasificación o colocación Estado dañado No para préstamo Código de colección Localización permanente Ubicación/localización actual Ubicación en estantería Total de préstamos Clasificación Código de barras Fecha visto por última vez Número de copia Tipo de ítem Koha Fecha de adquisición Fecha del último préstamo
    Library of Congress Classification     Colección General Bib. Gregorio Torres Quintero Bib. Gregorio Torres Quintero Planta baja 5 PN4784 W3.7 G3.7 247024 31/12/2020 1 Libro    
    Library of Congress Classification     Colección General Bib. Gregorio Torres Quintero Bib. Gregorio Torres Quintero Planta baja 7 PN4784 W3.7 G3.7 247025 25/03/2026 1 Libro 23/08/2023 12/03/2026